01570nam0a22002891 4500001001100000005001700011021001900028035002600047100004100073101000800114102000700122105001800129200044600147210003200593215002000625225001800645300014000663300012800803512011600931608006701047702003401114702003001148702003401178801001801212801002201230852002801252rc\429544220250612041432.0 aRUb[68-40880] a(NLR Aleph) 008498462 a20130416d1968 |||y0rusy50 ca0 arus aRU ay ac |||||1 aБиблиографический указатель патентов Франции (типа "Интерпас")eПо классу 80 изобретений СССРfМ-во строит., дор. и коммун. машиностроения. Центр. науч.-исслед. ин-т информации и техн.-экон. исследований по строит., дор. и коммун. машиностроению aМоскваcБ. и.d1968 a220 с.d16х261 aСерия II aНа обл. загл.: Библиографический указатель иностранных патентов. Франция aНа обороте тит. л. сост.: З.В. Шумова, Н.М. Колкотин, В.М. Полевой [и др.]0 aБиблиографический указатель иностранных патентов. Франция aПатентыyФранцияjБиблиография2psbo 1aКолкотинbН.М.4220 1aШумоваbЗ.В.4220 1aПолевойbВ.М.4220 0aRUbNLRgpsbo 1aRUbELAR2rusmarc aNLRjПт 10-2/743-80В